Southville International School and Colleges
Your cart is empty.
  • Cart
  • Lists
    Public lists list_1 View all
    Your lists Log in to create your own lists
  • Log in to your account
  • Your cookies
  • Search history
Southville International School and Colleges
  • Advanced search
  • Recent comments
  • Most popular
  • Libraries

Log in to your account

Log in with GOOGLE


If you do not have an external account, but do have a local account, you can still log in:

  1. Home
  2. MARC view: The designer's guide to doing research :
Normal view MARC view ISBD view

The designer's guide to doing research : (Record no. 25885)

[ view plain ]
MARC details
000 -LEADER
fixed length control field 00735nam a22002057a 4500
005 - DATE AND TIME OF LATEST TRANSACTION
control field 20140310183644.0
008 - FIXED-LENGTH DATA ELEMENTS--GENERAL INFORMATION
fixed length control field 131219b xxu||||| |||| 00| 0 eng d
020 ## - INTERNATIONAL STANDARD BOOK NUMBER
International Standard Book Number 9780470601730
050 ## - LIBRARY OF CONGRESS CALL NUMBER
Classification number NA 2750
Item number .Au923 2012
100 ## - MAIN ENTRY--PERSONAL NAME
Personal name Augustin, Sally.
245 ## - TITLE STATEMENT
Title The designer's guide to doing research :
Remainder of title applying knowledge in practice for design excellence /
Statement of responsibility, etc Sally Augustin and Cindy Coleman
260 ## - PUBLICATION, DISTRIBUTION, ETC. (IMPRINT)
Place of publication, distribution, etc Hoboken, N.J. :
Name of publisher, distributor, etc John Wiley & Sons,
Date of publication, distribution, etc 2012.
300 ## - PHYSICAL DESCRIPTION
Extent xxix, 302 p. :
Other physical details ill. ;
Dimensions 24cm.
504 ## - BIBLIOGRAPHY, ETC. NOTE
Bibliography, etc Includes Bibliographic References and Index.
521 ## - TARGET AUDIENCE NOTE
Target audience note
650 ## - SUBJECT ADDED ENTRY--TOPICAL TERM
Topical term or geographic name as entry element Architectural design --
General subdivision Research.
650 ## - SUBJECT ADDED ENTRY--TOPICAL TERM
Topical term or geographic name as entry element ARCHITECTURE --
General subdivision Study & Teaching.
942 ## - ADDED ENTRY ELEMENTS (KOHA)
Source of classification or shelving scheme Library of Congress Classification
Koha item type Books
Call number prefix Foreign
Holdings
Withdrawn status Lost status Source of classification or shelving scheme Damaged status Home library Current library Shelving location Date acquired Total Checkouts Full call number Barcode Date last seen Copy number Price effective from Koha item type
Withdrawn   Library of Congress Classification   College Library College Library Reserve Section 12/19/2013   NA 2750 .Au923 2012 C17357 12/19/2013 1 12/19/2013 Books

The designer's guide to doing research :

APA

Augustin S., . (2012). The designer's guide to doing research. Hoboken, N.J: John Wiley & Sons.

Chicago

Augustin Sally, . 2012. The designer's guide to doing research. Hoboken, N.J: John Wiley & Sons.

Harvard

Augustin S., . (2012). The designer's guide to doing research. Hoboken, N.J: John Wiley & Sons.

MLA

Augustin Sally, . The designer's guide to doing research. Hoboken, N.J: John Wiley & Sons. 2012.

  • Print
  • Cite
  • Add to your cart (remove)
  • Save record
    BIBTEX Dublin Core MARCXML MARC (non-Unicode/MARC-8) MARC (Unicode/UTF-8) MARC (Unicode/UTF-8, Standard) MODS (XML) RIS
  • More searches
    Search for this title in:
    Other Libraries (WorldCat) Other Databases (Google Scholar) Online Stores (Bookfinder.com) Open Library (openlibrary.org)

Exporting to Dublin Core...

SOUTHVILLE LIBRARY

Southville International School and Colleges Library

1281 Tropical Ave. Cor. Luxembourg St., BF Homes International, Las Pinas City

Tel. No. 8256374 / 252358 Loc. 117/146

Powered by Koha